| 000 | 00374nam a2200133 a 4500 | ||
|---|---|---|---|
| 001 | 4140 | ||
| 005 | 20140414131846.0 | ||
| 008 | 090218s19uu xx 00 eng d | ||
| 050 |
_aM 220.9 _bL33 1988 |
||
| 100 | _aLashbrook, Marilyn | ||
| 245 |
_aThe Wall that did not fall : _bthe story of Rahab's faith. |
||
| 260 |
_aFort Collins, CO : _bTreasure, _c1988. |
||
| 999 |
_c109920 _d109920 |
||